Countries Where Tourists Outnumber Locals - Statistics

General Stats
  • This quiz has been taken 2,953 times
  • The average score is 27 of 39
Answer Stats
# Country % Correct
8.72 Monaco
87%
33.5 Andorra
85%
2.36 San Marino
83%
1.44 Liechtenstein
82%
1.82 Luxembourg
82%
1.25 France
79%
2.04 Greece
79%
3.68 Bahamas
78%
2.14 Singapore
78%
3.01 Iceland
77%
1.90 Ireland
77%
3.92 Malta
77%
1.40 Spain
77%
1.09 United Arab Emirates
77%
1.11 Switzerland
73%
1.83 Barbados
72%
2.09 Cyprus
72%
1.81 Denmark
72%
2.03 Saint Kitts and Nevis
72%
1.83 Saint Lucia
71%
2.94 Austria
70%
2.75 Croatia
70%
2.95 Maldives
70%
1.26 Qatar
70%
1.11 Dominica
68%
2.71 Antigua and Barbuda
65%
1.17 Slovenia
65%
7.59 Bahrain
63%
1.006 Czech Republic
63%
2.51 Seychelles
63%
1.25 Grenada
62%
1.23 Hungary
58%
1.15 Slovakia
58%
1.16 Albania
54%
2.22 Estonia
53%
2.17 Montenegro
53%
1.02 Bulgaria
48%
6.62 Palau
40%
1.50 Georgia
26%
No matching quizzes found
Score Distribution
Percent of People with Each Score
Percentile by Number Answered
Your Score History
You have not taken this quiz